| 000 | 00820nam a2200301 a 4500 | ||
|---|---|---|---|
| 003 | AR-BaBNM | ||
| 005 | 20251128204636.0 | ||
| 008 | 082120s2002 ||||||||||||||000 | spa|| | ||
| 020 | _a950-16-1611-3 | ||
| 040 | _cAR-BaBNM | ||
| 100 | 1 | _aPuglisi, Silvana | |
| 245 | 0 | 0 |
_aPercibir el ambiente _btaller de educación ambiental |
| 250 | _a2ª ed. | ||
| 260 |
_aBuenos Aires _bTroquel _c1991 |
||
| 300 |
_a61 p. _bil. |
||
| 490 | 0 | _aCuadernos taller | |
| 504 | _aBibliografía p. 60-61 | ||
| 650 | 4 | _aMEDIO AMBIENTE | |
| 650 | 4 | _aEDUCACION AMBIENTAL | |
| 650 | 4 | _aCREATIVIDAD | |
| 650 | 4 | _aACTIVIDADES DE APRENDIZAJE | |
| 650 | 4 | _aCONSERVACION DEL MEDIO AMBIENTE | |
| 653 | _aTALLERES EDUCATIVOS | ||
| 700 | 1 | _aMulieri, Roberto | |
| 700 | 1 |
_aJacob, Esther _ecolaborador |
|
| 942 | _cBK | ||
| 998 | _cCarmen | ||
| 999 |
_c8201 _d8201 |
||